La exactitud no es cuestión.

Guardado en:
Formato: Deslizar
Series:Astronomía no es cuestión
Materias:
Etiquetas: Agregar Etiqueta
Sin Etiquetas, Sea el primero en etiquetar este registro!
LEADER 00852ngm a22002415g 4500
001 CEM.cems022078
008 130507b1994##################0###0#####d
005 20241003155758.0
245 0 0 |a La exactitud no es cuestión. 
300 |a 25'. 
490 0 |a Astronomía no es cuestión 
500 |a En soporte VHS, consultar en ventanilla. 
505 0 |a Los árabes y el cálculo del tiempo. Fases de la luna. Tratamiento matemático de la esfera celeste. Relojes solares. 
538 |a Soporte: VHS - Norma: Pal N - Color - Grabación DRD 1994 - Hitachi=1410 
082 5 2 |/ JUT 
653 |a ASTRONOMIA 
653 |a ESFERA CELESTE 
653 |a FASES DE LA LUNA 
653 |a RELOJES SOLARES 
653 |a TIEMPO, CALCULO DEL 
653 |a ARABES 
653 |a NIVEL SECUNDARIO 
859 |a CEMS  |b BIB. CEMS - Depto. Recursos Didacticos  |h 520  |i JUT  |k DRD  |p 721.12  |t Ej.1